| 000 | 00713nam a2200277Ia 4500 | ||
|---|---|---|---|
| 008 | 170712s9999 xx 000 0 und d | ||
| 020 | _a9789712723711 | ||
| 050 | _a959.9 | ||
| 050 | _bJ938 2009 | ||
| 100 | _aJuico, Margie Penson | ||
| 245 | _aCory : | ||
| 245 | _ban intimate portrait / | ||
| 245 | _cby Margie Penson Juico. | ||
| 260 | _aPhilippines : | ||
| 260 | _bAnvil, | ||
| 260 | _c2009 | ||
| 300 | _a290 pages : | ||
| 300 | _billustrations ; | ||
| 300 | _c22cm. | ||
| 650 | _aAquino, Corazon Cojuanco -- | ||
| 650 | _aAquino, Corazon Cojuanco. | ||
| 650 | _aPhilippines -- | ||
| 650 | _aTitle. | ||
| 650 | _xFriends and associates. | ||
| 650 | _xPolitics and government -- 1986- | ||
| 999 |
_c340365 _d340365 |
||